000 00521nam a2200193Ia 4500
003 IN-BaIIA
008 211028s9999 xx 000 0 eng d
040 _cIIA Library
080 _a524.3
_bBOK
100 _aBok, Bart J.
_91250
245 4 _aThe distribution of the stars in space
_cBart J Bok
260 _aChicago
_bUniversity of Chicago Press
_c1937
300 _axvi, 124p.
490 _aAstrophysical monographs
650 _aAstronomy
_980
650 _aAstrophysics
_9794
650 _aStars
942 _cBK
999 _c556
_d556